000 00773nam a2200253Ia 4500
003 OSt
005 20220924113201.0
006 a|||||r|||| 00| 0
007 ta
008 220923b |||||||| |||| 00| 0 eng d
024 _a231707
037 _cDictionary
040 _aARTS
_cARTS
_beng
041 _2eng
_aeng
082 _aP111:4k, 28N83(FAL/RR)
100 _aWortabet John
_9145030
245 0 _aWortabet's pocket dictionary English-Arabic
_b With a supplement of modern science terminology
260 _aLebanon
_bLibrairie du Liban
_c1983
300 _a448p
_ccm.
650 _aLINGUISTICS
700 _a Porter Harvey
942 _hP111:4k, 28N83(FAL/RR)
_cdic
_2cc
999 _c389474
_d389474